000 00474nam a2200133Ia 4500
008 100328s9999 xx 000 0 und d
082 _b8433
100 _aAlexander Miller
245 _aThe Renewal Of Man, The Twentieth Century On Justification By Faith
260 _bVictor Gollanez Ltd.
630 _aThe Renewal Of Man, The Twentieth Century On Justification By Faith
730 _aThe Renewal Of Man, The Twentieth Century On Justification By Faith
942 _cBOOK
999 _c504212
_d504209